[Event "Junior Online 4NCL Division 3"]
[Site "online"]
[Date "2020.11.12"]
[Round "7.143"]
[White "Dahi, Varad Prakash"]
[Black "Correa, Rebecca"]
[Result "0-1"]
[WhiteElo "895"]
[BlackElo "1390"]
[PlyCount "124"]
[EventDate "2020.11.12"]
[WhiteTeam "Leicestershire Juniors 4"]
[BlackTeam "Manchester Juniors B"]

1. e4 c5 2. Nf3 d6 3. Bb5+ Bd7 4. Bxd7+ Nxd7 5. Nc3 Ngf6 6. d3 e6 7. Bg5 Be7 8.
O-O O-O 9. a3 a6 10. b4 cxb4 11. axb4 Rc8 12. Qd2 Qc7 13. Ra3 Qb6 14. Rb3 h6
15. Be3 Qc6 16. Bd4 e5 17. Be3 Ng4 18. g3 Nxe3 19. fxe3 Nf6 20. b5 axb5 21.
Nxb5 Qxc2 22. Qxc2 Rxc2 23. Re1 Rfc8 24. Rbb1 R2c5 25. Na3 Rb8 26. Nc4 b5 27.
Ncd2 Bd8 28. Rec1 Rxc1+ 29. Rxc1 Ba5 30. Nb3 Bb4 31. d4 exd4 32. exd4 Nxe4 33.
Re1 Bxe1 34. Nxe1 Kf8 35. Kg2 Ke7 36. Kf3 Nc3 37. Ke3 Ke6 38. Nd3 Nd5+ 39. Kd2
b4 40. Nf4+ Nxf4 41. gxf4 Kd5 42. Ke3 Re8+ 43. Kf3 Re1 44. Kg3 Rb1 45. Nd2 Rb2
46. Nf1 b3 47. Ne3+ Kxd4 48. Nf5+ Kd5 49. Nxg7 Rc2 50. Nf5 Kc5 51. Nxh6 b2 52.
Nxf7 b1=Q 53. h4 Qg1+ 54. Kf3 Qf2+ 55. Kg4 Qg2+ 56. Kf5 Rc4 57. Ke6 Qg6+ 58.
Ke7 Re4+ 59. Kf8 Rxf4 60. Ke8 Qxf7+ 61. Kd8 Qf8+ 62. Kc7 Rf7# 0-1

[Event "Junior Online 4NCL Division 3"]
[Site "online"]
[Date "2020.11.12"]
[Round "7.144"]
[White "Fung, Marcus"]
[Black "Wakelin, Sam"]
[Result "1-0"]
[WhiteElo "1382"]
[BlackElo "932"]
[PlyCount "83"]
[EventDate "2020.11.12"]
[WhiteTeam "Manchester Juniors B"]
[BlackTeam "Leicestershire Juniors 4"]

1. d4 d5 2. Bf4 Bf5 3. e3 e6 4. Nf3 Nf6 5. Nh4 Nh5 6. Nxf5 Nxf4 7. Nxg7+ Bxg7
8. exf4 Nc6 9. c3 e5 10. fxe5 Qe7 11. Qb3 O-O-O 12. Bb5 Qe6 13. Qa4 Rde8 14.
Nd2 Re7 15. O-O Rhe8 16. Nf3 a6 17. Bxc6 bxc6 18. Qxa6+ Kd7 19. b4 f6 20. b5
fxe5 21. Nxe5+ Bxe5 22. bxc6+ Kd6 23. dxe5+ Qxe5 24. Qa3+ Kxc6 25. Qa6+ Kd7 26.
Qb5+ Kd6 27. Qa6+ Kd7 28. Rad1 Qe1 29. Rdxe1 Rxe1 30. g3 h5 31. Qb5+ Kd8 32.
Qxd5+ Kc8 33. Qxh5 Ra1 34. Rxa1 c6 35. Qxe8+ Kc7 36. Rb1 c5 37. Rb5 c4 38. Rc5+
Kb6 39. Qc6+ Ka7 40. Ra5+ Kb8 41. Rb5+ Ka7 42. Qb7# 1-0

[Event "Junior Online 4NCL Division 3"]
[Site "online"]
[Date "2020.11.12"]
[Round "7.145"]
[White "Jayawarna, Thisumi"]
[Black "Norton, Laurence"]
[Result "1-0"]
[WhiteElo "1637"]
[BlackElo "1000"]
[PlyCount "33"]
[EventDate "2020.11.12"]
[WhiteTeam "Manchester Juniors B"]
[BlackTeam "Leicestershire Juniors 4"]

1. e4 e5 2. Nf3 Nc6 3. Bc4 Bc5 4. c3 Nf6 5. d3 Ng4 6. O-O d6 7. h3 Nxf2 8. Rxf2
Bxf2+ 9. Kxf2 Be6 10. Bb3 Bxb3 11. Qxb3 Na5 12. Qb5+ c6 13. Qa4 b5 14. Qd1 d5
15. exd5 Qxd5 16. Qe2 O-O 17. Nbd2 1-0

[Event "Junior Online 4NCL Division 3"]
[Site "online"]
[Date "2020.11.12"]
[Round "7.146"]
[White "Morris, Conor"]
[Black "Eccleston, Bryony"]
[Result "0-1"]
[WhiteElo "992"]
[BlackElo "1397"]
[PlyCount "22"]
[EventDate "2020.11.12"]
[WhiteTeam "Leicestershire Juniors 4"]
[BlackTeam "Manchester Juniors B"]

1. e4 e6 2. Qh5 Nf6 3. Qe5 Nc6 4. Qg3 Nxe4 5. Qf3 d5 6. d3 Nd4 7. Qf4 Nxc2+ 8.
Kd1 Nxa1 9. dxe4 dxe4+ 10. Ke1 Nc2+ 11. Ke2 Qd3# 0-1

[Event "Junior Online 4NCL Division 3"]
[Site "online"]
[Date "2020.11.12"]
[Round "7.147"]
[White "Correa, Rebecca"]
[Black "Dahi, Varad Prakash"]
[Result "1-0"]
[WhiteElo "1390"]
[BlackElo "895"]
[PlyCount "57"]
[EventDate "2020.11.12"]
[WhiteTeam "Manchester Juniors B"]
[BlackTeam "Leicestershire Juniors 4"]

1. d4 e6 2. Nf3 Nf6 3. Bf4 d6 4. h3 Nc6 5. e3 Qe7 6. Bd3 e5 7. dxe5 dxe5 8. Bg5
h6 9. Bxf6 Qxf6 10. Be4 Bd6 11. O-O Rh7 12. Bxh7 Bf5 13. Bxf5 Qxf5 14. Nbd2
O-O-O 15. e4 Qe6 16. Qe2 Bb4 17. Nb3 Bd6 18. Rfd1 Be7 19. Rxd8+ Bxd8 20. Rd1
Be7 21. Qb5 b6 22. Rd5 Na5 23. Nxa5 bxa5 24. Qe8+ Kb7 25. Rxe5 Qxa2 26. Qb5+
Kc8 27. Rxe7 Qa1+ 28. Kh2 Kd8 29. Qd7# 1-0

[Event "Junior Online 4NCL Division 3"]
[Site "online"]
[Date "2020.11.12"]
[Round "7.148"]
[White "Wakelin, Sam"]
[Black "Fung, Marcus"]
[Result "0-1"]
[WhiteElo "932"]
[BlackElo "1382"]
[PlyCount "56"]
[EventDate "2020.11.12"]
[WhiteTeam "Leicestershire Juniors 4"]
[BlackTeam "Manchester Juniors B"]

1. d4 d5 2. Bf4 Bf5 3. Nf3 e6 4. Nc3 c5 5. e3 c4 6. b3 Bd6 7. Ng5 h6 8. Qh5 Bg6
9. Qh3 Bb4 10. O-O-O Bxc3 11. Be2 Qa5 12. a4 cxb3 13. cxb3 Nd7 14. Bb5 Rc8 15.
e4 Bxd4+ 16. Kb1 hxg5 17. Qxh8 Bxe4+ 18. Ka2 Ke7 19. Bxg5+ Ndf6 20. Rxd4 Rc2+
21. Kb1 Rd2+ 22. Rxe4 dxe4 23. Qxg7 Rxf2 24. Bxf6+ Nxf6 25. Qg3 Qd2 26. Qc7+
Kf8 27. Qc8+ Kg7 28. Qc4 Qb2# 0-1

[Event "Junior Online 4NCL Division 3"]
[Site "online"]
[Date "2020.11.12"]
[Round "7.151"]
[White "Goswami, Pratyush"]
[Black "Cepoi, Gesneria-Codruta"]
[Result "1-0"]
[WhiteElo "1262"]
[BlackElo "1375"]
[PlyCount "61"]
[EventDate "2020.11.12"]
[WhiteTeam "Rhodes Avenue Bishops"]
[BlackTeam "Uxbridge Girls"]

1. c4 e5 2. g3 Nc6 3. Bg2 f6 4. e3 Nge7 5. Nc3 d6 6. Nge2 h5 7. h4 Bg4 8. Qc2
Bf5 9. Qd1 Bg4 10. a3 a6 11. d4 exd4 12. exd4 Na5 13. Qa4+ Nac6 14. d5 b5 15.
Qd1 Na5 16. cxb5 axb5 17. Nxb5 Bxe2 18. Qxe2 Nb3 19. Rb1 Nxc1 20. Rxc1 c5 21.
dxc6 Qa5+ 22. Nc3 Kf7 23. O-O Rc8 24. Qc4+ d5 25. Nxd5 Rxc6 26. Qd3 Rxc1 27.
Rxc1 Nxd5 28. Bxd5+ Ke8 29. Qe4+ Be7 30. Rc8+ Kd7 31. Qe6# 1-0

[Event "Junior Online 4NCL Division 3"]
[Site "online"]
[Date "2020.11.12"]
[Round "7.152"]
[White "Knight, Zoe B"]
[Black "Dayle, Julian"]
[Result "1/2-1/2"]
[WhiteElo "925"]
[BlackElo "1000"]
[PlyCount "75"]
[EventDate "2020.11.12"]
[WhiteTeam "Uxbridge Girls"]
[BlackTeam "Rhodes Avenue Bishops"]

1. e4 e5 2. Bc4 Nf6 3. Nf3 Nxe4 4. Nxe5 Qe7 5. Qe2 Qxe5 6. Qf3 Ng5+ 7. Qe2
Qxe2+ 8. Bxe2 d5 9. Nc3 Be6 10. d4 Bd6 11. Bxg5 f6 12. Be3 O-O 13. g3 Nc6 14.
O-O-O Rad8 15. f4 b6 16. g4 a5 17. f5 Bf7 18. Bf3 Rfe8 19. Rde1 Bb4 20. Bd2
Bxc3 21. Bxc3 Rxe1+ 22. Bxe1 Nxd4 23. Bg2 Ne2+ 24. Kb1 c5 25. Bg3 Nxg3 26. hxg3
b5 27. b3 a4 28. bxa4 bxa4 29. a3 Rb8+ 30. Ka2 d4+ 31. Ka1 c4 32. Rd1 c3 33.
Rxd4 h6 34. Rxa4 Rb2 35. Ra8+ Kh7 36. Be4 Ra2+ 37. Kb1 Rb2+ 38. Kc1 1/2-1/2

[Event "Junior Online 4NCL Division 3"]
[Site "online"]
[Date "2020.11.12"]
[Round "7.153"]
[White "Bevan, Alexander"]
[Black "Siddiqui, Zainab"]
[Result "1/2-1/2"]
[WhiteElo "977"]
[BlackElo "835"]
[PlyCount "135"]
[EventDate "2020.11.12"]
[WhiteTeam "Rhodes Avenue Bishops"]
[BlackTeam "Uxbridge Girls"]

1. e4 e5 2. Nf3 Nf6 3. Nxe5 Nxe4 4. Qe2 f6 5. Qxe4 fxe5 6. Qxe5+ Qe7 7. Qxe7+
Bxe7 8. Nc3 Nc6 9. d3 Nd4 10. Na4 Nxc2+ 11. Kd2 Nxa1 12. b3 Bb4+ 13. Kd1 d6 14.
Bb2 b5 15. Nc3 Rf8 16. Nxb5 Kd8 17. Bxa1 Rxf2 18. Bxg7 Rxa2 19. Bf6+ Ke8 20.
Nxc7+ Kf7 21. Nxa8 Kxf6 22. Nc7 Ra1+ 23. Kc2 Kg7 24. g3 Bb7 25. Rg1 Bc5 26.
Ne6+ Kh6 27. Nxc5 dxc5 28. Kb2 Re1 29. Kc3 Re3 30. Bg2 Bxg2 31. Rxg2 Re5 32. d4
cxd4+ 33. Kxd4 Re8 34. Ra2 Rd8+ 35. Kc4 Rc8+ 36. Kd3 Rd8+ 37. Kc2 Rd7 38. Ra6+
Kg5 39. Ra4 Rc7+ 40. Kb1 Rb7 41. h4+ Kh5 42. g4+ Kxh4 43. b4 Kxg4 44. Kc2 Rc7+
45. Kb3 Kf3 46. b5 h5 47. Rh4 Rc5 48. Kb4 Rd5 49. Kc4 Rg5 50. Rh3+ Kg2 51. Ra3
Rg4+ 52. Kc5 Rg5+ 53. Kc6 Rg6+ 54. Kb7 Rg7+ 55. Ka8 h4 56. Rxa7 Rg8+ 57. Kb7
Rg7+ 58. Kb6 Rg6+ 59. Ka5 Rg5 60. Rh7 h3 61. Ka6 h2 62. b6 Rg6 63. Ka7 h1=Q 64.
Rxh1 Kxh1 65. b7 Rg7 66. Ka8 Rg8+ 67. b8=Q Rxb8+ 68. Kxb8 1/2-1/2

[Event "Junior Online 4NCL Division 3"]
[Site "online"]
[Date "2020.11.12"]
[Round "7.154"]
[White "Vijayakumar, Mrinali"]
[Black "Gelmini, Gabriel"]
[Result "0-1"]
[WhiteElo "842"]
[BlackElo "985"]
[PlyCount "48"]
[EventDate "2020.11.12"]
[WhiteTeam "Uxbridge Girls"]
[BlackTeam "Rhodes Avenue Bishops"]

1. e4 c5 2. Nc3 g6 3. Nf3 Bg7 4. Bc4 d6 5. O-O Nf6 6. Ng5 O-O 7. d3 Nc6 8. Be3
a6 9. d4 b5 10. Nxb5 axb5 11. Bxb5 Bd7 12. dxc5 dxc5 13. Bxc5 Ra5 14. Qd3 Ne5
15. Qd4 Bxb5 16. Qxe5 Bxf1 17. Kxf1 Qc8 18. Qxe7 Qxc5 19. Qd7 Nxd7 20. Rd1 Nf6
21. c3 Qxg5 22. b4 Rxa2 23. b5 Qf4 24. g3 Qxf2# 0-1

[Event "Junior Online 4NCL Division 3"]
[Site "online"]
[Date "2020.11.12"]
[Round "7.155"]
[White "Cepoi, Gesneria-Codruta"]
[Black "Goswami, Pratyush"]
[Result "0-1"]
[WhiteElo "1375"]
[BlackElo "1262"]
[PlyCount "94"]
[EventDate "2020.11.12"]
[WhiteTeam "Uxbridge Girls"]
[BlackTeam "Rhodes Avenue Bishops"]

1. e4 c5 2. Nf3 Nc6 3. Bc4 e6 4. Nc3 Nf6 5. O-O Be7 6. e5 Ng4 7. h3 Ngxe5 8.
Nxe5 Nxe5 9. Be2 O-O 10. d4 cxd4 11. Qxd4 Bf6 12. Qe4 d5 13. Qf4 Bd7 14. Bb5
Bxb5 15. Nxb5 Qb6 16. Nc3 Rac8 17. Be3 Qa6 18. Bd4 Nd7 19. Be3 Qc4 20. Qxc4
Rxc4 21. Bxa7 Bxc3 22. bxc3 Rxc3 23. Rfc1 Ra8 24. Bd4 Rc4 25. Be3 Rac8 26. Rab1
R8c7 27. a3 Rc3 28. a4 Nc5 29. Bd4 Rc4 30. Be5 Rd7 31. a5 Ra4 32. Rb5 Ne4 33.
c3 f6 34. Bd4 e5 35. Be3 f5 36. f3 Ng3 37. Kf2 f4 38. Bb6 Ra2+ 39. Kg1 Ne2+ 40.
Kf2 Nxc1+ 41. Ke1 Nd3+ 42. Kd1 Rxg2 43. Rb3 e4 44. fxe4 dxe4 45. c4 Nc5+ 46.
Kc1 Nxb3+ 47. Kb1 Rd1# 0-1

[Event "Junior Online 4NCL Division 3"]
[Site "online"]
[Date "2020.11.12"]
[Round "7.156"]
[White "Dayle, Julian"]
[Black "Knight, Zoe B"]
[Result "1-0"]
[WhiteElo "1000"]
[BlackElo "925"]
[PlyCount "37"]
[EventDate "2020.11.12"]
[WhiteTeam "Rhodes Avenue Bishops"]
[BlackTeam "Uxbridge Girls"]

1. e4 e5 2. Nf3 Nc6 3. Bc4 Nf6 4. Nc3 h6 5. d3 Bc5 6. Be3 Bxe3 7. fxe3 O-O 8.
O-O d6 9. h3 Be6 10. Bxe6 fxe6 11. Nh4 Nh5 12. Qxh5 Rxf1+ 13. Rxf1 d5 14. Ng6
dxe4 15. Nxe4 Qd5 16. Qg4 Qxa2 17. Qf3 Qxb2 18. Qf7+ Kh7 19. Nf6# 1-0

[Event "Junior Online 4NCL Division 3"]
[Site "online"]
[Date "2020.11.12"]
[Round "7.157"]
[White "Siddiqui, Zainab"]
[Black "Bevan, Alexander"]
[Result "1-0"]
[WhiteElo "835"]
[BlackElo "977"]
[PlyCount "99"]
[EventDate "2020.11.12"]
[WhiteTeam "Uxbridge Girls"]
[BlackTeam "Rhodes Avenue Bishops"]

1. e4 c5 2. d4 cxd4 3. Qxd4 Nc6 4. Qa4 Nf6 5. f3 e6 6. Nc3 Bb4 7. a3 Bxc3+ 8.
bxc3 d5 9. Bb5 Bd7 10. Bf4 dxe4 11. fxe4 O-O 12. Nf3 a6 13. Bxc6 Bxc6 14. Qb4
Nxe4 15. O-O Nf6 16. Bd6 Nd5 17. Qc5 Ne3 18. Be7 Qd7 19. Rf2 Rfe8 20. Ne5 Qxe7
21. Qxe3 Bd5 22. c4 Bc6 23. Rxf7 Qh4 24. g3 Qh3 25. Rf2 Rf8 26. Nxc6 Rxf2 27.
Qxf2 bxc6 28. Qf3 Rc8 29. Re1 Qf5 30. Qb3 Rf8 31. Qe3 Re8 32. Rf1 Qxc2 33. Rc1
Qf5 34. Rf1 Qa5 35. h4 h6 36. Qe4 g5 37. Qxc6 gxh4 38. Qxe8+ Kh7 39. Qf7+ Kh8
40. Qe8+ Kh7 41. Rf7+ Kg6 42. Rf8+ Kh7 43. Qe7+ Kg6 44. Qxe6+ Kg7 45. Qe7+ Kg6
46. Rg8+ Kf5 47. Rf8+ Kg4 48. Rg8+ Kh3 49. Qe6+ Qf5 50. Qxf5# 1-0

[Event "Junior Online 4NCL Division 3"]
[Site "online"]
[Date "2020.11.12"]
[Round "7.158"]
[White "Gelmini, Gabriel"]
[Black "Vijayakumar, Mrinali"]
[Result "1-0"]
[WhiteElo "985"]
[BlackElo "842"]
[PlyCount "87"]
[EventDate "2020.11.12"]
[WhiteTeam "Rhodes Avenue Bishops"]
[BlackTeam "Uxbridge Girls"]

1. d4 Nc6 2. e4 e5 3. Nf3 exd4 4. Nxd4 Bb4+ 5. c3 Bc5 6. Be3 d6 7. Nxc6 bxc6 8.
Bxc5 Nf6 9. Bd4 Bg4 10. Be2 Qd7 11. Bxf6 gxf6 12. Bxg4 Qe7 13. Nd2 d5 14. Qe2
c5 15. exd5 Qxe2+ 16. Bxe2 O-O 17. O-O f5 18. Bd3 f4 19. Rfe1 Rad8 20. Bc4 c6
21. Bb3 cxd5 22. Rad1 c4 23. Bc2 a5 24. Nf3 a4 25. Bxa4 Ra8 26. b3 cxb3 27.
Bxb3 Rfd8 28. Rxd5 Rdb8 29. h3 Rc8 30. Rc1 Ra3 31. Rf5 h5 32. Rxf4 Rc5 33. Rxf7
Ra8 34. Rc7+ Kf8 35. Rxc5 Re8 36. Rxh5 Re2 37. a4 Ke7 38. a5 Kd7 39. a6 Re8 40.
Ba4+ Kd8 41. Bxe8 Kxe8 42. Rh7 Kd8 43. Re1 Kc8 44. Re8# 1-0

[Event "Junior Online 4NCL Division 3"]
[Site "online"]
[Date "2020.11.12"]
[Round "7.161"]
[White "Roul, Karan"]
[Black "Kulkarni, Arnav"]
[Result "1-0"]
[WhiteElo "427"]
[BlackElo "1033"]
[PlyCount "69"]
[EventDate "2020.11.12"]
[WhiteTeam "East Kilbride Bishops"]
[BlackTeam "St John's College C"]

1. e4 e5 2. Nf3 Nc6 3. Nc3 Nf6 4. d4 exd4 5. Nxd4 Bb4 6. Nxc6 bxc6 7. Bd3 d5 8.
exd5 cxd5 9. a3 Ba5 10. Bd2 O-O 11. O-O Qd6 12. Be2 Re8 13. Re1 d4 14. Nb5 Qb6
15. Nxd4 Bxd2 16. Qxd2 Qxb2 17. Reb1 Ne4 18. Qd3 Qc3 19. Qxc3 Nxc3 20. Re1 c5
21. Bf3 Ba6 22. Bxa8 Rxa8 23. Nf3 Rd8 24. h3 h6 25. Re3 Nd5 26. Rd1 Bb7 27. c4
Nxe3 28. Rxd8+ Kh7 29. fxe3 Kg6 30. Rd7 Bc6 31. Rxa7 Kf5 32. Rc7 Be4 33. Rxc5+
Ke6 34. Re5+ Kf6 35. Rxe4 1-0

[Event "Junior Online 4NCL Division 3"]
[Site "online"]
[Date "2020.11.12"]
[Round "7.162"]
[White "Baranidharan, Kritthik"]
[Black "Roul, Tushar"]
[Result "0-1"]
[WhiteElo "1040"]
[BlackElo "395"]
[PlyCount "58"]
[EventDate "2020.11.12"]
[WhiteTeam "St John's College C"]
[BlackTeam "East Kilbride Bishops"]

1. e4 d5 2. exd5 Nf6 3. Nc3 Nxd5 4. Bc4 Be6 5. Nf3 Nxc3 6. dxc3 Qxd1+ 7. Kxd1
Bxc4 8. Ne5 Be6 9. Bf4 f6 10. Nd3 Na6 11. Re1 Bc4 12. Nc1 O-O-O+ 13. Bd2 e5 14.
b3 Bf7 15. Ne2 Bh5 16. f3 f5 17. Ng3 Bg6 18. Rxe5 Bd6 19. Re1 Bf4 20. Nf1 Bxd2
21. Nxd2 Rhe8 22. Rh1 Re6 23. Kc1 Rde8 24. Kb2 Re2 25. Nc4 f4 26. Rad1 Rxc2+
27. Ka3 Rxg2 28. Rd4 Ree2 29. Rxf4 Rxa2# 0-1

[Event "Junior Online 4NCL Division 3"]
[Site "online"]
[Date "2020.11.12"]
[Round "7.163"]
[White "Narasimhan, Srivathsan"]
[Black "Singh, Ayush"]
[Result "0-1"]
[WhiteElo "410"]
[BlackElo "967"]
[PlyCount "140"]
[EventDate "2020.11.12"]
[WhiteTeam "East Kilbride Bishops"]
[BlackTeam "St John's College C"]

1. e4 e5 2. Nf3 Nc6 3. Nc3 Nf6 4. d4 exd4 5. Nxd4 Nxd4 6. Qxd4 d6 7. Bc4 Be7 8.
O-O O-O 9. Qe3 Bg4 10. Nd5 Nxd5 11. exd5 Bg5 12. Qe4 Bxc1 13. Qxg4 Bg5 14. Rae1
Bf6 15. Re3 Bxb2 16. Rg3 a6 17. Rh3 b5 18. Bd3 g6 19. Rb1 Qf6 20. Rf3 Qe5 21.
Qd7 c5 22. c4 b4 23. Re3 Qd4 24. Qxd6 Rfd8 25. Qc6 Rdc8 26. Qb7 Rcb8 27. Qe7
Re8 28. Qg5 Rxe3 29. Qxe3 Qxe3 30. fxe3 Be5 31. e4 f5 32. exf5 gxf5 33. Bxf5
Rf8 34. Be6+ Kg7 35. g3 Bd4+ 36. Kg2 Rf2+ 37. Kh3 Rxa2 38. Rf1 Rc2 39. Rf7+ Kg6
40. d6 Bf6 41. d7 Rd2 42. Rf8 Be7 43. Bf7+ Kf6 44. Bg8+ Bxf8 45. Bxh7 Rxd7 46.
Be4 b3 47. g4 Kg5 48. Bf5 Rd1 49. Kg3 b2 50. h4+ Kf6 51. h5 b1=Q 52. Bxb1 Rxb1
53. Kf4 Rf1+ 54. Kg3 Kg5 55. Kg2 Rc1 56. Kg3 Bd6+ 57. Kf2 Kxg4 58. Kg2 Bf8 59.
Kf2 Rh1 60. Kg2 Rxh5 61. Kf2 Rh3 62. Kg2 Ra3 63. Kf2 Kf4 64. Kg2 Rc3 65. Kf2
Rc2+ 66. Ke1 Kf3 67. Kd1 Rh2 68. Ke1 Ke3 69. Kf1 Ra2 70. Ke1 Ra1# 0-1

[Event "Junior Online 4NCL Division 3"]
[Site "online"]
[Date "2020.11.12"]
[Round "7.164"]
[White "Fattorelli, Giulio"]
[Black "Israni, Ishita"]
[Result "0-1"]
[WhiteElo "872"]
[BlackElo "364"]
[PlyCount "34"]
[EventDate "2020.11.12"]
[WhiteTeam "St John's College C"]
[BlackTeam "East Kilbride Bishops"]

1. e4 e5 2. Nf3 Nc6 3. Nc3 Nf6 4. Bc4 h6 5. Bb5 a6 6. Bxc6 dxc6 7. Nxe5 Be6 8.
O-O Bb4 9. Re1 Bxc3 10. dxc3 Nd7 11. Qf3 O-O 12. Qd3 f6 13. Ng6 Re8 14. e5 fxe5
15. Nxe5 Qf6 16. Nxd7 Bxd7 17. Qxd7 Rxe1# 0-1

[Event "Junior Online 4NCL Division 3"]
[Site "online"]
[Date "2020.11.12"]
[Round "7.165"]
[White "Kulkarni, Arnav"]
[Black "Roul, Karan"]
[Result "1-0"]
[WhiteElo "1033"]
[BlackElo "427"]
[PlyCount "75"]
[EventDate "2020.11.12"]
[WhiteTeam "St John's College C"]
[BlackTeam "East Kilbride Bishops"]

1. e4 d5 2. exd5 Nf6 3. Nc3 Nxd5 4. Nxd5 Qxd5 5. Nf3 Nc6 6. d3 e5 7. Be3 f6 8.
d4 Bg4 9. dxe5 Qxd1+ 10. Rxd1 Bxf3 11. gxf3 Nxe5 12. Ra1 Nxf3+ 13. Ke2 Ne5 14.
Bf4 Bd6 15. Rg1 O-O 16. Bh6 Rf7 17. f4 Nc6 18. f5 Re8+ 19. Kd2 Re5 20. h3 Rxf5
21. Be3 Bf4 22. Bxf4 Rxf4 23. Bd3 Rf2+ 24. Kd1 Re7 25. h4 Nd4 26. h5 Ne2 27.
Re1 Rd7 28. Rxe2 Rf1+ 29. Re1 Rf2 30. Re8+ Kf7 31. Re1 f5 32. a4 f4 33. Ra3 f3
34. Kc1 Rh2 35. Bc4+ Kf8 36. Rxf3+ Rf7 37. Rxf7+ Kg8 38. Re8# 1-0

[Event "Junior Online 4NCL Division 3"]
[Site "online"]
[Date "2020.11.12"]
[Round "7.166"]
[White "Roul, Tushar"]
[Black "Baranidharan, Kritthik"]
[Result "1-0"]
[WhiteElo "395"]
[BlackElo "1040"]
[PlyCount "125"]
[EventDate "2020.11.12"]
[WhiteTeam "East Kilbride Bishops"]
[BlackTeam "St John's College C"]

1. e4 e5 2. Nf3 Nc6 3. Nc3 Nf6 4. d4 exd4 5. Nxd4 Bb4 6. Nxc6 bxc6 7. f3 d5 8.
exd5 cxd5 9. Bb5+ Bd7 10. Bxd7+ Qxd7 11. Qe2+ Kf8 12. O-O Re8 13. Qd3 h5 14.
Bg5 Bc5+ 15. Kh1 d4 16. Bxf6 gxf6 17. Ne4 Bb6 18. Nxf6 Qd6 19. Nxe8 Kxe8 20.
Rae1+ Kf8 21. Qf5 c5 22. Qe5 Qg6 23. Qxh8+ Qg8 24. Re8+ Kxe8 25. Qxg8+ Kd7 26.
Qxf7+ Kc6 27. Qxh5 Kb5 28. Qe8+ Ka6 29. Rd1 Ka5 30. Rd3 c4 31. Qe5+ Ka6 32.
Ra3+ Kb7 33. Qd5+ Kc7 34. Qxc4+ Kb7 35. Qf7+ Kc6 36. Qc4+ Bc5 37. Qxc5+ Kxc5
38. Rd3 Kc4 39. Kg1 a6 40. Kf2 a5 41. g4 a4 42. f4 a3 43. bxa3 Kd5 44. f5 Ke4
45. a4 Kf4 46. a5 Kg5 47. a6 Kxg4 48. a7 Kxf5 49. Rf3+ Ke5 50. a8=Q d3 51. Qa5+
Kd4 52. Qa4+ Kc3 53. Rxd3+ Kb2 54. Qa3+ Kb1 55. Rd1+ Kxc2 56. Qd3+ Kb2 57. Qe2+
Ka3 58. Rd3+ Kb4 59. Qe4+ Kc5 60. Rd5+ Kc6 61. Qe6+ Kb7 62. Rd7+ Kb8 63. Qe8#
1-0

[Event "Junior Online 4NCL Division 3"]
[Site "online"]
[Date "2020.11.12"]
[Round "7.167"]
[White "Singh, Ayush"]
[Black "Narasimhan, Srivathsan"]
[Result "1-0"]
[WhiteElo "967"]
[BlackElo "410"]
[PlyCount "143"]
[EventDate "2020.11.12"]
[WhiteTeam "St John's College C"]
[BlackTeam "East Kilbride Bishops"]

1. e4 e5 2. Nf3 Nc6 3. Nc3 Nf6 4. d4 exd4 5. Nxd4 Nxd4 6. Qxd4 c5 7. Qe5+ Be7
8. Be3 Ng4 9. Qxg7 Rf8 10. Qxg4 d6 11. Bb5+ Bd7 12. Bxd7+ Qxd7 13. Qxd7+ Kxd7
14. O-O-O Rac8 15. Nb5 a6 16. Nc3 b5 17. Bh6 Rg8 18. g3 b4 19. Nd5 a5 20. Nxe7
Kxe7 21. c4 Rg6 22. Be3 a4 23. b3 axb3 24. axb3 Rgg8 25. Bf4 Ra8 26. Bxd6+ Kd7
27. Bxc5+ Kc6 28. Bxb4 Ra6 29. Rd6+ Kb7 30. Rxa6 Kxa6 31. Kc2 Kb6 32. Be7 Re8
33. Bf6 Rxe4 34. f3 Re2+ 35. Kc3 Re3+ 36. Kb4 Rxf3 37. Bd4+ Ka6 38. Ra1+ Kb7
39. Ra7+ Kc6 40. Ra6+ Kb7 41. Rh6 f5 42. Rxh7+ Kc6 43. Rf7 Kd6 44. c5+ Kd5 45.
Bc3 Rf2 46. Kb5 Rxh2 47. Rxf5+ Ke4 48. Re5+ Kd3 49. c6 Kxc3 50. c7 Rh8 51. Rc5+
Kd4 52. c8=Q Rxc8 53. Rxc8 Kd3 54. Rf8 Ke4 55. Rd8 Kf3 56. Re8 Kxg3 57. Rf8 Kg4
58. Kc5 Kg5 59. Kd5 Kg6 60. Ke5 Kg7 61. Rf1 Kg6 62. Rf2 Kg5 63. Rg2+ Kh4 64.
Kf5 Kh3 65. Rg8 Kh4 66. Kf6 Kh5 67. Kf5 Kh4 68. Rg7 Kh3 69. Kf4 Kh2 70. Kf3 Kh1
71. Kf2 Kh2 72. Rh7# 1-0

[Event "Junior Online 4NCL Div 3 Playoff"]
[Site "online"]
[Date "2020.11.26"]
[Round "8.11"]
[White "Bailey, Matthew"]
[Black "Groshong, William"]
[Result "0-1"]
[WhiteElo "1412"]
[BlackElo "900"]
[PlyCount "114"]
[EventDate "2020.11.26"]
[WhiteTeam "Surbiton Juniors B"]
[BlackTeam "Rhodes Avenue Knights"]

1. c4 e5 2. Nc3 d6 3. Nf3 Nc6 4. g3 Nf6 5. Bg2 Be6 6. d3 Be7 7. O-O Qd7 8. a3
Bh3 9. b4 Nd4 10. e3 Nxf3+ 11. Qxf3 c6 12. Bb2 O-O 13. Ne2 d5 14. cxd5 cxd5 15.
Nc3 d4 16. Ne4 dxe3 17. Qxe3 Qf5 18. Nxf6+ Bxf6 19. Rfe1 Rfe8 20. Bxb7 Rad8 21.
Rad1 Bg4 22. Be4 Qe6 23. Bf3 Bf5 24. d4 exd4 25. Qxe6 Rxe6 26. Rxe6 fxe6 27.
Re1 d3 28. Bxf6 gxf6 29. g4 d2 30. Ra1 Bc2 31. Bd1 Bxd1 32. Rxd1 Kg7 33. Kf1
Rd3 34. Ke2 Rxa3 35. Rxd2 Kg6 36. Rd7 Kg5 37. f3 h5 38. Rg7+ Kh6 39. Re7 hxg4
40. fxg4 e5 41. h4 Ra4 42. b5 Rxg4 43. Rxa7 Rxh4 44. b6 Rb4 45. b7 f5 46. Ra6+
Kg5 47. Ra7 f4 48. Kf3 e4+ 49. Ke2 f3+ 50. Ke3 Kg4 51. b8=Q Rxb8 52. Kxe4 f2
53. Ra1 Rf8 54. Ke3 Kg3 55. Ke2 Kg2 56. Rf1 Re8+ 57. Kd1 Kxf1 0-1

[Event "Junior Online 4NCL Div 3 Playoff"]
[Site "online"]
[Date "2020.11.26"]
[Round "8.12"]
[White "Bolt, James"]
[Black "Tran, Joseph"]
[Result "0-1"]
[WhiteElo "900"]
[BlackElo "1337"]
[PlyCount "106"]
[EventDate "2020.11.26"]
[WhiteTeam "Rhodes Avenue Knights"]
[BlackTeam "Surbiton Juniors B"]

1. e4 e5 2. Nf3 Nc6 3. d4 exd4 4. Bc4 h6 5. Bf4 Nf6 6. O-O Be7 7. e5 Nh7 8. c3
dxc3 9. Nxc3 O-O 10. Bb3 Bg5 11. Bg3 Na5 12. Bc2 Nc4 13. Qd3 g6 14. Qxc4 Kh8
15. Qd4 f6 16. Bxg6 Rg8 17. Bxh7 Kxh7 18. Qe4+ Kg7 19. exf6+ Qxf6 20. Nd5 Qc6
21. Ne7 Qxe4 22. Nxg8 Kxg8 23. Rfe1 Qg6 24. Ne5 Qf6 25. Nd3 b6 26. Nb4 Bb7 27.
Bxc7 Bd2 28. Be5 Qg5 29. Re4 Qxg2+ 30. Kxg2 Bxe4+ 31. Kf1 Bxb4 32. Re1 Bxe1 33.
Kxe1 Re8 34. Bc3 Bb1+ 35. Kd1 Bxa2 36. Bd2 Bb3+ 37. Kc1 Re2 38. f4 Rxh2 39. f5
Rh1+ 40. Be1 Rxe1+ 41. Kd2 Rd1+ 42. Kc3 Rf1 43. Kxb3 Rxf5 44. Kc2 h5 45. Kd2 h4
46. Ke2 h3 47. b4 Rf8 48. Kd3 a5 49. Kc4 axb4 50. Kxb4 h2 51. Kb5 h1=Q 52. Kxb6
Qc6+ 53. Ka7 Ra8# 0-1

[Event "Junior Online 4NCL Div 3 Playoff"]
[Site "online"]
[Date "2020.11.26"]
[Round "8.13"]
[White "Sheftel, Sam"]
[Black "Crewe, Ben"]
[Result "1-0"]
[WhiteElo "1300"]
[BlackElo "875"]
[PlyCount "105"]
[EventDate "2020.11.26"]
[WhiteTeam "Surbiton Juniors B"]
[BlackTeam "Rhodes Avenue Knights"]

1. e4 e5 2. Bc4 Nc6 3. Nf3 Bc5 4. d3 h6 5. O-O d6 6. Nc3 Bg4 7. h3 Bh5 8. g4
Bg6 9. Nd5 Nf6 10. a3 O-O 11. Nxf6+ Qxf6 12. c3 a6 13. b4 Ba7 14. Qe2 b5 15.
Bd5 Bb6 16. Bxc6 Rab8 17. Be3 Rfd8 18. Bxb6 Rxb6 19. Bd5 c6 20. Bb3 d5 21. exd5
cxd5 22. Nh2 Qh4 23. Qxe5 Qxh3 24. Qd4 Rbd6 25. Rae1 f6 26. Re3 Qh4 27. Nf3 Qh3
28. Ne5 Qh4 29. Nxg6 Qg5 30. Nf4 Qxg4+ 31. Rg3 Qf5 32. Qa7 R8d7 33. Qe3 Kh7 34.
Bc2 d4 35. Qd2 dxc3 36. d4 cxd2 37. Bxf5+ Kg8 38. Bxd7 Rxd7 39. Rd3 g5 40. Nh5
Ra7 41. Rxd2 a5 42. bxa5 Rxa5 43. d5 b4 44. d6 bxa3 45. d7 Kf7 46. d8=Q a2 47.
Qxa5 a1=Q 48. Rxa1 Kg6 49. Rd3 Kxh5 50. Rh3+ Kg4 51. Kg2 f5 52. Ra4+ f4 53. f3#
1-0